书目信息 |
| 题名: |
战争推迟七天结束
|
|
| 作者: | 巴斯塔 著 ;达洲 , 代军 译 | |
| 分册: | ||
| 出版信息: | 上海 上海译文出版社 1983 |
|
| 页数: | 290页 | |
| 开本: | 19cm | |
| 丛书名: | ||
| 单 册: | ||
| 中图分类: | K543.5 | |
| 科图分类: | ||
| 主题词: | 第二次世界大战--史料 , 南欧--历史 | |
| 电子资源: | ||
| ISBN: | ||
| 000 | 00779nam0 2200265 45 | |
| 001 | 0183003870 | |
| 005 | 20060913143824.60 | |
| 010 | @dCNY0.83 | |
| 091 | @a5188.12 | |
| 100 | @a19950728d1983 em y0chiy0121 ea | |
| 101 | 1 | @achi@cscc |
| 102 | @aCN@b310000 | |
| 105 | @ay z 000yy | |
| 200 | 10 | @a战争推迟七天结束@Azhan zheng tui chi qi tian jie shu@f(南)米兰·巴斯塔著@F(nan)mi lan·ba si ta zhu@g达洲,代军译 |
| 210 | @a上海@c上海译文出版社@d1983 | |
| 215 | @a290页@d19cm | |
| 300 | @a书名原文:Rat je Zavrsen 7 Dana Kasnije | |
| 606 | @a第二次世界大战@x史料 | |
| 606 | 0 | @a南欧@x历史 |
| 690 | @aK543.5@v3 | |
| 701 | 1 | @a巴斯塔@Aba si ta@b米兰@4著 |
| 702 | 0 | @a达洲@Ada zhou@4译 |
| 702 | 0 | @a代军@Adai jun@4译 |
| 801 | @aCN@bTSTC@c20060913 | |
| 905 | @dK543.5@e4 | |
| 战争推迟七天结束/(南)米兰·巴斯塔著/达洲,代军译.-上海:上海译文出版社,1983 |
| 290页;19cm |
| 书名原文:Rat je Zavrsen 7 Dana Kasnije |
| ISBN :CNY0.83 |
| ● |
| 相关链接 |
|
|
|
|
正题名:战争推迟七天结束
索取号:K543.5/4
 
预约/预借
| 序号 | 登录号 | 条形码 | 馆藏地/架位号 | 状态 | 备注 |
| 1 | 0218622 | 001656504 | 密集书库/ [索取号:K543.5/4] | 在馆 | |
| 2 | 0218623 | 202271718 | 密集书库/ [索取号:K543.5/4] | 在馆 | |
| 3 | 0218624 | 001394798 | 第二借阅区/ [索取号:K543.5/4] | 在馆 | |
| 4 | 0218625 | 202282500 | 密集书库/ [索取号:K543.5/4] | 在馆 | |
| 5 | 0218626 | 001394832 | 第二样本阅览室/ [索取号:K543.5/4] | 在馆 | |
| 6 | 0466188 | 204661883 | 密集书库/ [索取号:K543.5/4] | 在馆 | |
| 7 | 0466189 | 204661892 | 密集书库/ [索取号:K543.5/4] | 在馆 | |
| 8 | 0475574 | 204755746 | 密集书库/ [索取号:K543.5/4] | 在馆 |